Central Library OPAC University of Rajshahi

The Tatler / (Record no. 22515)

MARC details
000 -LEADER
fixed length control field 00980cam a22002891 4500
001 - CONTROL NUMBER
control field 22515
003 - CONTROL NUMBER IDENTIFIER
rucl marc code BD-RjUL
005 - DATE AND TIME OF LATEST TRANSACTION
control field 20211209000821.0
008 - FIXED-LENGTH DATA ELEMENTS--GENERAL INFORMATION
fixed length control field 140308s1953 enk 000 0 eng d
035 ## - SYSTEM CONTROL NUMBER
System control number (BD-RjUL) 22580
System control number (OCoLC)620738
040 ## - CATALOGING SOURCE
Original cataloging agency DLC
Transcribing agency ODaWU
Modifying agency OCoLC
-- Uk
-- DLC
-- BD-RjUL
Language of cataloging eng
041 ## - LANGUAGE CODE
Language code of text/sound track or separate title eng
082 00 - DEWEY DECIMAL CLASSIFICATION NUMBER
Classification number 824.53
Author mark and year STT 1953
100 1# - MAIN ENTRY--PERSONAL NAME
Personal name Steele, Richard,
Dates associated with a name 1672-1729.
9 (RLIN) 60223
245 14 - TITLE STATEMENT
Title The Tatler /
Statement of responsibility, etc. Edited by Lewis Gibbs [pseud.]
260 ## - PUBLICATION, DISTRIBUTION, ETC. (IMPRINT)
Place of publication, distribution, etc. London ;
Name of publisher, distributor, etc. Dent :
Place of publication, distribution, etc. New York ;
Name of publisher, distributor, etc. Dutton :
Date of publication, distribution, etc. 1953.
300 ## - PHYSICAL DESCRIPTION
Pagination xiv, 304 p. ;
Size 19 cm.
490 0# - SERIES STATEMENT
Series statement Everyman's library. Essays & belles-lettres,
Volume/sequential designation 993
500 ## - GENERAL NOTE
General note The selections are chiefly Steele's contributions to the Tatler. A few have been assigned, wholly or partly, to Addison. Cf. p. 304.
650 #0 - SUBJECT ADDED ENTRY--TOPICAL TERM
Topical term or geographic name as entry element The Tatler
9 (RLIN) 69527
700 1# - ADDED ENTRY--PERSONAL NAME
Personal name Gibbs, Lewis
Dates associated with a name 1672-1719.
942 ## - ADDED ENTRY ELEMENTS (KOHA)
Source of classification or shelving scheme Dewey Decimal Classification
Koha item type Books
Holdings
Lost status Source of classification or shelving scheme Damaged status Not for loan Collection code Permanent Location Current Location Shelving location Date acquired Source of acquisition Cost, normal purchase price Total Checkouts Full call number Date last seen Copy number Koha item type
  Dewey Decimal Classification   Added to bundle Non-fiction Central Library, University of Rajshahi Central Library, University of Rajshahi Reading Room 29/10/1968 Zeitlinger 10.00   824.53 STT 1953 08/03/2014 C-1 Books